Statistics for Biggest Two-Word City by Country: Europe

Click here to take the quiz!

General Stats

  • This quiz has been taken 84 times
    (60 since last reset)
  • The average score is 5 of 40

Answer Stats

CountryCity% Correct
RussiaSaint Petersburg
87%
San MarinoSan Marino
87%
Vatican CityVatican City
82%
NetherlandsThe Hague
61%
SerbiaNovi Sad
53%
Bosnia and HerzegovinaBanja Luka
37%
FranceLe Havre
34%
SpainA Coruña
18%
SwitzerlandSt. Gallen
18%
SlovakiaBanská Bystrica
13%
ItalyReggio Calabria
13%
Czech RepublicCeske Budejovice
8%
AndorraLes Escaldes
8%
UkraineKryvyi Rih
5%
AustriaSankt Pölten
5%
BulgariaStara Zagora
5%
RomaniaBaia Mare
3%
IrelandDún Laoghaire
3%
United KingdomMilton Keynes
3%
SloveniaNovo Mesto
3%
PolandRuda Slaska
3%
GermanyBergisch Gladbach
0%
MontenegroBijelo Polje
0%
MoldovaBilicenii Vechi
0%
MacedoniaCentar Zupa
0%
NorwayIndre Arna
0%
LatviaKara Osta
0%
BelgiumLa Louvière
0%
EstoniaMyza Rya
0%
LithuaniaNaujoji Akmene
0%
GreeceNea Smyrni
0%
BelarusNovoye Medvezhino
0%
DenmarkNykøbing Falster
0%
AlbaniaPatos Fshat
0%
PortugalRio Tinto
0%
MaltaSaint John
0%
CroatiaSlavonski Brod
0%
KosovoSuva Reka
0%
SwedenUpplands Väsby
0%
HungaryVértessomló Üdülõfalu
0%

Score Distribution

Percentile by Number Answered

Percent of People with Each Score

Your Score History

You have not taken this quiz since the last reset